000
00384nam a22001217a 4500
003
SGT
082
_a
891.4309
_b
S11T
100
_a
त्रिवेदी, प्रिय रंजन
245
_a
स्वामी सहजांनन्द
260
_b
सरस्वती किसान केंद्र प्रकाशन
_c
2011
300
_a
329
942
_2
ddc
_c
BK
999
_c
31227
_d
31227